000 00693nam a2200241Ia 4500
003 OSt
005 20220926005055.0
006 a|||||r|||| 00| 0
007 ta
008 220923b |||||||| |||| 00| 0 eng d
020 _a8170361435
037 _cGeneral Book
040 _aRTL
_cRTL
_beng
041 _2eng
_aeng
082 _aY9(W).2.N8, M9
100 _aWeiner Myron
_999945
245 0 _aIndian paradox
_b Essays in Indian politics . Ed by Ashutosh Varshney
260 _a New Delhi
_bSage Publications
_c1989
300 _a336p
_ccm.
650 _aPolitical Sociology
942 _hY9(W).2.N8, M9
_cGB
_2CC
999 _c612900
_d612900